LIBRARY & INFORMATION CENTRE, KCAET, TAVANUR

ONLINE PUBLIC ACCESS CATALOGUE (OPAC)

Kathaprasanga smaranakal / (Record no. 6582)

MARC details
000 -LEADER
fixed length control field 00323cam a2200133ua 4500
041 ## - LANGUAGE CODE
Language code of text/sound track or separate title mal
082 ## - DEWEY DECIMAL CLASSIFICATION NUMBER
Classification number 928.94812
Item number KRI/KA
100 ## - MAIN ENTRY--AUTHOR NAME
Personal name Krishnan Kutty, Veloor.
245 ## - TITLE STATEMENT
Title Kathaprasanga smaranakal /
300 ## - PHYSICAL DESCRIPTION
Number of Pages 220 ; .
942 ## - ADDED ENTRY ELEMENTS (KOHA)
Koha item type Books
Holdings
Withdrawn status Lost status Damaged status Home library Current library Date acquired Full call number Accession Number Koha item type
Withdrawn     KAUAET Malayalam University 07/04/2012 928.94812 9525 Books
free website counter